书目信息 |
| 题名: |
走向新社区
|
|
| 作者: | 王彦辉 著 ;齐康 著 | |
| 分册: | ||
| 出版信息: | 南京 东南大学出版社 2003.02 |
|
| 页数: | 242页 | |
| 开本: | 25×26cm | |
| 丛书名: | 《城市建筑》系列 | |
| 单 册: | ||
| 中图分类: | TU984.2 | |
| 科图分类: | ||
| 主题词: | 居住区--城市建设--研究--中国 , 居住 , 城市建设 | |
| 电子资源: | ||
| ISBN: | 7-81089-165-0 | |
| 000 | 00859nam2 2200289 45 | |
| 001 | 012004000000 | |
| 005 | 20041020102540.78 | |
| 010 | @a7-81089-165-0@dCNY 65.00 | |
| 100 | @a20040915d2003 em y0chiy0121 ea | |
| 101 | 0 | @achi |
| 102 | @aCN@b320000 | |
| 105 | @aa z 000yy | |
| 200 | 1 | @a走向新社区@Azhou xiann xin shi qu@e城市居住社区整体营造理论与方法@f王彦辉著 |
| 210 | @a南京@c东南大学出版社@d2003.02 | |
| 215 | @a242页@c图@d25×26cm | |
| 225 | 2 | @a《城市建筑》系列@f齐康主编 |
| 320 | @a本书含参考文献和附录 | |
| 410 | 0 | @12001 @a《城市建筑》系列 |
| 517 | 1 | @a城市居住社区整体营造理论与方法 |
| 606 | 0 | @a居住区@x城市建设@x研究@y中国 |
| 606 | 0 | @a居住 |
| 606 | 0 | @a城市建设 |
| 690 | @aTU984.2@v4 | |
| 701 | 0 | @a王彦辉@Awang yan hui@4著 |
| 702 | 0 | @a齐康@Aqi kang@4著 |
| 801 | 0 | @aCN@bQSSKl@c20041020 |
| 905 | @a10447@dTU984.2@eW410 | |
| 走向新社区:城市居住社区整体营造理论与方法/王彦辉著.-南京:东南大学出版社,2003.02 |
| 242页:图;25×26cm.-(《城市建筑》系列/齐康主编) |
| ISBN 7-81089-165-0:CNY 65.00 |
| ● |
| 相关链接 |
|
|
|
正题名:走向新社区
索取号:TU984.2/W410
 
预约/预借
| 序号 | 登录号 | 条形码 | 馆藏地/架位号 | 状态 | 备注 |
| 1 | 421759 | 204217597 | 建筑库201/201建筑库 65排1列5层/ [索取号:TU984.2/W410] | 在馆 | |
| 2 | 421760 | 204217604 | 建筑库201/201建筑库 65排1列5层/ [索取号:TU984.2/W410] | 在馆 | |
| 3 | 421761 | 204217613 | 建筑库201/201建筑库 65排1列5层/ [索取号:TU984.2/W410] | 在馆 |